00480 2200181 4500001002100000005001500021035002000036007000300056008004100059020001800100082001000118084001600128100002200144245006100166260003000227300003100257990001000288INLIS00000000000937720210901100505 a0010-0921000007ta210901 g 0 ind  a9789792901573 a641.3 a641.3 YUL a0 aYULIARTI, Nurheti1 aAwas bahaya dibalik lezatnya makanan /cNurheti Yuliarti aYogyakarta :bANDI,c2007 aX, 214 hlm. ;c14 x 21 cm a13133